000 00808nmm a2200301 a 4500
003 AR-BaBNM
005 20251128203517.0
008 016019s1939 ||||||||||||||000 | spa||
040 _cAR-BaBNM
100 1 _aZweig, Stefan
245 1 0 _aTres maestros
_bBalzac, Dickens, Dostoiewski
260 _aBuenos Aires
_bJuventud Moderna
_c1939
300 _a235 p.
500 _aPrólogo de Roces, W.
500 _aDedicatoria del autor a Romain Rolland
600 1 4 _aBalzac, Honoré de
600 1 4 _aDickens, Charles
600 1 4 _aDostoyevsky, Fyodor
650 4 _aBIOGRAFIAS
650 4 _aINVESTIGACION LITERARIA
650 4 _aESCRITORES
650 4 _aCOMPOSICION LITERARIA
650 4 _aOBRAS LITERARIAS
650 4 _aVIDA LITERARIA
655 _aLITERATURA
942 _cBK
998 _cisola
999 _c3710
_d3710